00553nam a2200193Ia 4500003000400000005001700004008004100021040001800062041000800080082002100088100001800109245007100127250001200198260004500210300002800255650002700283650002600310650002300336OSt20240507101005.0210716s1960 xx 000 0 und d cAIMIT LIBRARY aeng a374.22 21bLORW aLord, Walter. aGood years : bfrom 1900 to the first world war /cBy Walter Lord. a1st ed. aNew York :bHarper and brothers ,c1960. aix,369P. ;bHBc21.8 cm aBig stick big business aThe great white fleet aBig man off campus